La Representación voluntaria en los negocios jurídicos / Josef Hupka ; traducción del alemán y notas por Luis Sancho Seral
Descripción Física:
427 p. ; 23 cm
Otros Autores:
Sancho Seral, Luis, tr
MARC
| LEADER | 00000nam a2200000Ia 4500 | ||
|---|---|---|---|
| 001 | 736 | ||
| 008 | 160829s1930 xx 000 0 cat d | ||
| 080 | |a D-1-90 | ||
| 100 | |a Hupka, Josef |9 34422 | ||
| 245 | |a La Representación voluntaria en los negocios jurídicos / Josef Hupka ; traducción del alemán y notas por Luis Sancho Seral | ||
| 260 | |a Madrid : |b (Libreria General de Victoriano Suárez), |c 1930 | ||
| 300 | |a 427 p. ; |c 23 cm | ||
| 490 | |a Biblioteca de la Revista de Derecho Privado. Serie B ; 13 | ||
| 650 | |a Agència (Dret) |9 34423 | ||
| 650 | |a Representants de comerç |x Alemanya |9 34424 | ||
| 650 | |a Dret mercantil |9 34425 | ||
| 700 | |a Sancho Seral, Luis, tr. |9 28489 | ||
| 901 | |a Arxiu | ||
| 942 | |n 1 | ||
| 952 | |0 0 |1 0 |4 0 |6 D190 |7 1 |9 46505 |a Arxiu |b Arxiu |d 2016-12-01 |l 0 |o D-1-90 |p 736 |r 2016-12-01 00:00:00 |w 2016-12-01 |y ARXIU | ||
| 999 | |c 50296 |d 50296 | ||